<?xml version="1.0" encoding="UTF-8"?>
<record
    xmlns:xsi="http://www.w3.org/2001/XMLSchema-instance"
    xsi:schemaLocation="http://www.loc.gov/MARC21/slim http://www.loc.gov/standards/marcxml/schema/MARC21slim.xsd"
    xmlns="http://www.loc.gov/MARC21/slim">

  <leader>00773nam a22001817a 4500</leader>
  <controlfield tag="005">20241015112929.0</controlfield>
  <datafield tag="010" ind1=" " ind2=" ">
    <subfield code="a">HIN-128609</subfield>
  </datafield>
  <datafield tag="020" ind1=" " ind2=" ">
    <subfield code="c">650.00</subfield>
    <subfield code="a">9789383056477</subfield>
  </datafield>
  <datafield tag="035" ind1=" " ind2=" ">
    <subfield code="a">HN-100955</subfield>
  </datafield>
  <datafield tag="037" ind1=" " ind2=" ">
    <subfield code="b">DBAD</subfield>
  </datafield>
  <datafield tag="082" ind1=" " ind2=" ">
    <subfield code="a">954.11</subfield>
  </datafield>
  <datafield tag="100" ind1=" " ind2=" ">
    <subfield code="a">&#x91C;&#x948;&#x928;,&#x92A;&#x94D;&#x930;&#x915;&#x93E;&#x936; &#x91A;&#x902;&#x926; </subfield>
    <subfield code="9">72821</subfield>
  </datafield>
  <datafield tag="245" ind1=" " ind2=" ">
    <subfield code="a">&#x915;&#x936;&#x94D;&#x92E;&#x940;&#x930;:&#x92E;&#x93F;&#x925;&#x915; &#x914;&#x930; &#x92F;&#x925;&#x93E;&#x930;&#x94D;&#x925;/</subfield>
    <subfield code="c">&#x92A;&#x94D;&#x930;&#x915;&#x93E;&#x936; &#x91A;&#x902;&#x926; &#x91C;&#x948;&#x928; </subfield>
  </datafield>
  <datafield tag="260" ind1=" " ind2=" ">
    <subfield code="a">&#x91C;&#x92F;&#x92A;&#x941;&#x930;</subfield>
    <subfield code="b">&#x92E;&#x94B;&#x928;&#x93F;&#x915;&#x93E; &#x92A;&#x94D;&#x930;&#x915;&#x93E;&#x936;&#x928;</subfield>
    <subfield code="c">2022</subfield>
  </datafield>
  <datafield tag="270" ind1=" " ind2=" ">
    <subfield code="a">85/175, &#x92A;&#x94D;&#x930;&#x924;&#x93E;&#x92A; &#x928;&#x917;&#x930; , &#x938;&#x93E;&#x902;&#x917;&#x93E;&#x928;&#x947;&#x930; </subfield>
    <subfield code="b">&#x91C;&#x92F;&#x92A;&#x941;&#x930; </subfield>
    <subfield code="e">302033</subfield>
    <subfield code="k">9928029234</subfield>
    <subfield code="k">9887001185</subfield>
    <subfield code="m">monikaprakashan.jpr@gmail.com </subfield>
  </datafield>
  <datafield tag="300" ind1=" " ind2=" ">
    <subfield code="a">342&#x92A;&#x943;.</subfield>
    <subfield code="c">22 &#x938;&#x947;&#x92E;&#x940;. (&#x938;&#x91C;&#x93F;&#x932;&#x94D;&#x926;)</subfield>
  </datafield>
  <datafield tag="942" ind1=" " ind2=" ">
    <subfield code="2">ddc</subfield>
    <subfield code="c">HN</subfield>
    <subfield code="h">954.11</subfield>
    <subfield code="m">&#x91C;&#x948;&#x928;</subfield>
  </datafield>
  <datafield tag="999" ind1=" " ind2=" ">
    <subfield code="c">206402</subfield>
    <subfield code="d">206402</subfield>
  </datafield>
  <datafield tag="952" ind1=" " ind2=" ">
    <subfield code="0">0</subfield>
    <subfield code="1">0</subfield>
    <subfield code="4">0</subfield>
    <subfield code="7">0</subfield>
    <subfield code="8">NFIC</subfield>
    <subfield code="a">BN</subfield>
    <subfield code="b">BN</subfield>
    <subfield code="d">2024-10-15</subfield>
    <subfield code="e">DBAD</subfield>
    <subfield code="g">650.00</subfield>
    <subfield code="l">0</subfield>
    <subfield code="o">954.11 &#x91C;&#x948;&#x928;</subfield>
    <subfield code="p">HN-100955</subfield>
    <subfield code="r">2024-10-15 00:00:00</subfield>
    <subfield code="t">1</subfield>
    <subfield code="v">650.00</subfield>
    <subfield code="w">2024-10-15</subfield>
    <subfield code="y">HN</subfield>
  </datafield>
</record>
